-
ALAM, DR. SANJAR .,SAHOO,DR. JAGANNATH AND SHARMA,SHIKHA
Entry Personal Name
Number of records used in: 1
001 - CONTROL NUMBER
003 - CONTROL NUMBER IDENTIFIER
005 - DATE AND TIME OF LATEST TRANSACTION
- control field:
20240108120211.0
008 - FIXED-LENGTH DATA ELEMENTS
- fixed length control field:
240108|| aca||aabn | a|a d
040 ## - CATALOGING SOURCE
- Original cataloging agency:
JRU
- Transcribing agency:
JRU
100 ## - HEADING--PERSONAL NAME
- Personal name:
ALAM, DR. SANJAR .,SAHOO,DR. JAGANNATH AND SHARMA,SHIKHA
670 ## - SOURCE DATA FOUND
- Source citation:
Work cat.: (JRU)5961: ALAM, DR. SANJAR .,SAHOO,DR. JAGANNATH AND SHARMA,SHIKHA, A PRACTICAL BOOK OF PHARMACEUTICS-1